[Event "Tourn. n8833"]
[Site "www.chess-mail.com"]
[Date "2016.06.18"]
[Round "1"]
[White "Estonia"]
[Black "Bojan"]
[WhiteElo "2000"]
[BlackElo "1970"]
[Result "1/2-1/2"]
[Round "1"]
1.d4 g6
2.c4 Bf8g7
3.Nb1c3 e6
4.e4 e5
5.d5 d6
6.Bf1e2 f5
7.exf5 Bc8xf5
8.Ng1f3 h6
9.Qd1b3 Ng8f6
10.Qb3xb7 Nb8d7
11.Qb7c6 Bf5c2
12.O-O O-O
13.b4 Qd8b8
14.Bc1a3 a5
15.b5 Qb8c8
16.Be2d1 Bc2xd1
17.Rf1xd1 e4
18.Nf3h4 g5
19.Nh4f5 Rf8f7
20.Nf5xg7 Kxg7
21.b6 Nd7xb6
22.Ba3xd6 Nb6xc4
23.Qc6xc4 cxd6
24.Qc4xc8 Ra8xc8
25.Nc3a4 Rc8c4
26.Na4b6 Rc4c5
27.Ra1c1 Rc5b5
28.Rc1c6 Rf7b7
29.Nb6c4 Rb5b1
30.Rd1f1 Rb1xf1
31.Kxf1 Nf6xd5
32.Rc6xd6 Nd5c3
33.g3 Nc3xa2
34.Nc4xa5 Rb7e7
{ draw }
1/2-1/2

[Event "Tourn. n8736"]
[Site "www.chess-mail.com"]
[Date "2016.06.18"]
[Round "1"]
[White "Snickers"]
[Black "Abuelo"]
[WhiteElo "2110"]
[BlackElo "2190"]
[Result "0-1"]
[Round "1"]
1.e4 e5
2.Ng1f3 Qd8f6
3.Nb1c3 c6
4.d4 exd4
5.Qd1xd4 d6
6.Qd4xf6 gxf6
7.Bc1d2 Bc8e6
8.Nf3d4 Bf8h6
9.Bd2xh6 Ng8xh6
10.Nd4xe6 fxe6
11.f3 Rh8g8
12.O-O-O Nh6f7
13.g3 Nb8d7
14.Bf1h3 Nf7g5
15.Bh3g2 Ke7
16.f4 Ng5f7
17.Bg2f3 e5
18.Rh1e1 Ra8d8
19.Re1g1 Nd7c5
20.b4 Nc5e6
21.f5 Ne6g5
22.Bf3h1 Nf7h6
23.Bh1g2 Nh6g4
24.h3 Ng4e3
 { time }
0-1

[Event "Tourn. n8784"]
[Site "www.chess-mail.com"]
[Date "2016.06.18"]
[Round "1"]
[White "Amaya"]
[Black "Jhzes"]
[WhiteElo "2040"]
[BlackElo "1809"]
[Result "1-0"]
[Round "1"]
1.d4 d6
2.e3 Ng8f6
3.Bf1d3 g6
4.f4 e6
5.Ng1f3 b6
6.Nb1d2 Nf6d5
7.Qd1e2 Bc8d7
8.O-O c5
9.c3 Bf8h6
10.Qe2f2 f5
11.Qf2g3 Nd5xe3
12.Rf1e1 Ne3d5
13.Nd2f1 Nb8c6
14.Nf3g5 Bh6xg5
15.fxg5 Qd8e7
16.Bd3c4 Nd5c7
17.d5 Nc6e5
18.dxe6 Bd7xe6
19.Bc4xe6 Nc7xe6
20.Bc1f4 Ne6xf4
21.Qg3xf4 O-O
22.Nf1e3 Ne5d3
23.Qf4c4 Kh8
24.Qc4xd3 Ra8d8
25.Ne3d5 Qe7xg5
26.Nd5c7 Rd8d7
27.Nc7e6 Qg5f6
28.Ne6xf8 Qf6xf8
29.Re1e6 Qf8f7
30.Ra1e1 d5
31.Qd3e3 Kg7
32.Qe3g5 h6
33.Qg5f4 g5
34.Qf4e5 Kh7
35.Re6e8 Kg6
36.Re8e6 Kh5
37.Qe5e2 g4
38.h3 Kh4
39.Re6xh6 { resign }
1-0

[Event "Tourn. n8779"]
[Site "www.chess-mail.com"]
[Date "2016.06.18"]
[Round "1"]
[White "Amaya"]
[Black "Genius2"]
[WhiteElo "2040"]
[BlackElo "2080"]
[Result "1-0"]
[Round "1"]
1.d4 d5
2.e3 Ng8f6
3.Bf1d3 g6
4.f4 Bf8g7
5.Ng1f3 O-O
6.Nb1d2 Nb8d7
7.O-O c5
8.c3 a6
9.Nf3e5 c4
10.Bd3c2 Qd8c7
11.Qd1f3 Ra8b8
12.a3 b5
13.e4 dxe4
14.Nd2xe4 Nf6xe4
15.Bc2xe4 Nd7xe5
16.fxe5 Bc8e6
17.Bc1e3 f6
18.exf6 exf6
19.Be3f4 Qc7d7
20.Bf4xb8 Rf8xb8
21.Be4c6 { resign }
1-0

[Event "Tourn. n8761"]
[Site "www.chess-mail.com"]
[Date "2016.06.18"]
[Round "1"]
[White "Paul30"]
[Black "Coventry"]
[WhiteElo "2010"]
[BlackElo "2000"]
[Result "1-0"]
[Round "1"]
1.d4 f5
2.g3 Ng8f6
3.Bf1g2 g6
4.Ng1f3 Bf8g7
5.O-O d6
6.c4 O-O
7.Nb1c3 c6
8.d5 Qd8c7
9.Ra1b1 e5
10.b3 Nb8a6
11.Bc1a3 e4
12.Nf3d4 Bc8d7
13.dxc6 bxc6
14.b4 Na6b8
15.e3 Nb8a6
16.b5 Na6c5
17.bxc6 Bd7xc6
18.Nc3b5  { time }
1-0

[Event "Tourn. n8804"]
[Site "www.chess-mail.com"]
[Date "2016.06.18"]
[Round "1"]
[White "Esperanza"]
[Black "Genius9"]
[WhiteElo "1819"]
[BlackElo "1840"]
[Result "1-0"]
[Round "1"]
1.e4 e5
2.Ng1f3 Nb8c6
3.Bf1b5 a6
4.Bb5xc6 dxc6
5.O-O Bc8g4
6.h3 Bg4xf3
7.Qd1xf3 Ng8f6
8.c3 Bf8d6
9.d4 exd4
10.e5 Bd6xe5
11.Rf1e1 { resign }
1-0

[Event "Tourn. n8841"]
[Site "www.chess-mail.com"]
[Date "2016.06.18"]
[Round "1"]
[White "Kampungboy"]
[Black "Pimpampum"]
[WhiteElo "2010"]
[BlackElo "2190"]
[Result "1-0"]
[Round "1"]
1.e4 c6
2.d4 d5
3.f3 dxe4
4.fxe4 e5
5.Ng1f3 exd4
6.c3 Ng8f6
7.e5 Nf6d5
8.cxd4 Bf8b4
9.Bc1d2 Nd5e3
10.Qd1b3 Bb4xd2
11.Nb1xd2 Ne3xf1
12.Rh1xf1 Qd8b6
13.Nd2c4 Qb6xb3
14.axb3 O-O
15.Nc4b6 { resign }
1-0

[Event "Tourn. n8765"]
[Site "www.chess-mail.com"]
[Date "2016.06.18"]
[Round "1"]
[White "Huw"]
[Black "Romaamor69"]
[WhiteElo "2300"]
[BlackElo "2119"]
[Result "1/2-1/2"]
[Round "1"]
1.d4 e6
2.c4 f5
3.g3 Ng8f6
4.Bf1g2 Bf8e7
5.Nb1c3 O-O
6.Ng1h3 d6
7.O-O e5
8.c5 Nb8c6
9.d5 Nc6b8
10.Nh3g5 Nb8a6
11.c6 bxc6
12.dxc6 Kh8
13.a3 Na6c5
14.b4 Nc5e6
15.Qd1b3 Ne6d4
16.Qb3a2 h6
17.e3 hxg5
18.exd4 g4
19.d5 Qd8e8
20.Bc1d2 Qe8h5
21.f3 gxf3
{ draw }
1/2-1/2

[Event "Tourn. n8748"]
[Site "www.chess-mail.com"]
[Date "2016.06.18"]
[Round "1"]
[White "Derfel83"]
[Black "Ffdd65"]
[WhiteElo "2010"]
[BlackElo "2220"]
[Result "0-1"]
[Round "1"]
1.c4 c5
2.Nb1c3 g6
3.Ng1f3 Bf8g7
4.g3 e6
5.Bf1g2 Ng8e7
6.Nc3e4 b6
7.Ne4d6 Kf8
8.Ra1b1 Nb8c6
9.d3 f6
10.Bc1f4 e5
11.Bf4d2 Qd8c7
12.Nd6xc8 Ra8xc8
13.a3 a5
14.Qd1c1 Ne7f5
15.e4 Nf5d4
16.Bd2h6 d6
17.h4 Nd4b3
18.Bh6xg7 Qc7xg7
19.Qc1c3 Nc6d4
20.Nf3xd4 Nb3xd4
21.b4 Qg7c7
22.h5 g5
23.Rh1f1 Ke7
24.f4 Qc7d7
25.fxg5 fxg5
26.bxa5 Qd7g4
27.Rf1f2 Rh8f8
28.Qc3d2 Qg4xg3
29.Rb1xb6 Rf8f3
30.a6 Rc8f8
31.Rb6b2 Rf3xf2
{ resign }
0-1

[Event "Tourn. n8704"]
[Site "www.chess-mail.com"]
[Date "2016.06.18"]
[Round "1"]
[White "Obisporey"]
[Black "Seger"]
[WhiteElo "2600"]
[BlackElo "2730"]
[Result "1/2-1/2"]
[Round "1"]
1.Ng1f3 d5
2.g3 Ng8f6
3.Bf1g2 c5
4.O-O a6
5.d3 Nb8c6
6.e4 dxe4
7.dxe4 Bc8g4
8.e5 Qd8xd1
9.Rf1xd1 Nf6d7
10.h3 Bg4xf3
11.Bg2xf3 Nd7xe5
12.Bf3g2 Ra8d8
13.Rd1xd8 Kxd8
14.Nb1a3 f6
15.f4 Ne5f7
16.Bg2d5 Nf7d6
17.Bc1e3 Kc7
18.Be3xc5 e5
19.fxe5 Nc6xe5
20.Bc5f2 Bf8e7
21.Ra1d1 Rh8d8
22.Bd5g2 Nd6f7
23.Rd1xd8 Nf7xd8
24.Na3b1 Be7b4
25.Kf1 b5
26.a3 Bb4a5
27.b3 Ba5b6
28.Bf2e1 Bb6c5
29.Be1a5 Bc5b6
30.Ba5d2 Bb6c5
31.Bd2c1 Bc5d4
{ draw }
1/2-1/2

[Event "Tourn. n8786"]
[Site "www.chess-mail.com"]
[Date "2016.06.18"]
[Round "1"]
[White "Jhzes"]
[Black "Prize64"]
[WhiteElo "2259"]
[BlackElo "2370"]
[Result "0-1"]
[Round "1"]
1.d4 Ng8f6
2.Nb1c3 d5
3.Bc1f4 c6
4.Ng1f3 Bc8f5
5.Nf3e5 Nb8d7
6.Ne5xd7 Qd8xd7
7.Bf4e5 Nf6g4
8.Be5f4 e6
9.f3 Ng4f6
10.g4 Bf5g6
11.h4 h5
12.g5 Nf6h7
13.Bf1h3 Bf8d6
14.Bf4h2 Bd6xh2
15.Rh1xh2 Qd7d6
16.Rh2g2 Qd6f4
17.Bh3g4 hxg4
18.Rg2xg4 Qf4h2
19.Kd2 Bg6f5
20.Rg4f4 Qh2xf4
21.e3 Qf4h2
{ resign }
0-1

[Event "Tourn. n8762"]
[Site "www.chess-mail.com"]
[Date "2016.06.18"]
[Round "1"]
[White "Ipolit"]
[Black "Coventry"]
[WhiteElo "2129"]
[BlackElo "2000"]
[Result "1-0"]
[Round "1"]
1.e4 e5
2.Nb1c3 Ng8f6
3.f4 d5
4.fxe5 Nf6xe4
5.Ng1f3 Bf8e7
6.d4 Nb8c6
7.Bf1d3 Bc8f5
8.O-O Ne4xc3
9.bxc3 Bf5xd3
10.cxd3 O-O
11.Bc1e3 Qd8d7
12.Ra1b1 b6
13.c4 f6
14.Rb1b5 dxc4
15.dxc4 fxe5
16.Nf3xe5 Nc6xe5
17.Rb5xe5  { time }
1-0

[Event "Tourn. n8793"]
[Site "www.chess-mail.com"]
[Date "2016.06.18"]
[Round "1"]
[White "Jhzes"]
[Black "Faerieking"]
[WhiteElo "2400"]
[BlackElo "2280"]
[Result "0-1"]
[Round "1"]
1.d4 Ng8f6
2.Nb1c3 d5
3.Bc1f4 c6
4.f3 Bc8f5
5.g4 Bf5g6
6.h4 h6
7.h5 Bg6h7
8.Bf4e5 Nb8d7
9.Bf1g2 Nd7xe5
10.dxe5 Nf6d7
11.f4 e6
12.e4 Bf8b4
13.Ng1e2 Qd8b6
14.b3 Qb6e3
15.Qd1d2 Bb4xc3
16.Qd2xc3 Qe3b6
17.exd5 cxd5
18.O-O-O Ke7
19.Ne2d4 Rh8c8
20.Qc3e3 Bh7xc2
21.Rd1d2 Bc2xb3
22.Kb2 Bb3d1
{ resign }
0-1

[Event "Tourn. n8823"]
[Site "www.chess-mail.com"]
[Date "2016.06.18"]
[Round "1"]
[White "Kampungboy"]
[Black "Redabond"]
[WhiteElo "1699"]
[BlackElo "1610"]
[Result "1-0"]
[Round "1"]
1.e4 e5
2.f4 Nb8c6
3.Ng1f3 exf4
4.d4 d5
5.e5 Bc8f5
6.c3 f6
7.Bc1xf4 fxe5
8.dxe5 Bf8c5
9.Nb1d2 Qd8e7
10.Nd2b3 O-O-O
11.Bf4g5 Ng8f6
12.Nb3xc5 Qe7xc5
13.exf6 Rd8e8
14.Bf1e2 gxf6
15.Bg5xf6 Rh8f8
16.Bf6d4 Nc6xd4
17.cxd4 Qc5b4
18.Qd1d2 Qb4xd2
19.Kxd2 Bf5g4
20.Rh1f1 Bg4xf3
21.Rf1xf3 Rf8g8
22.Rf3f2 Re8e4
23.Kc3 c6
24.Be2d3 Re4g4
25.g3 Kc7
26.Rf2f7 Kb6
27.Rf7xh7 a6
28.Ra1f1 Rg4g7
29.Rf1f7 Rg7xf7
30.Rh7xf7 Rg8h8
31.h4 Rh8g8
32.Rf7f3 Kc7
33.h5 Rg8h8
34.g4 Kd6
35.Rf3f7 Rh8g8
36.Bd3f5 b6
37.h6 c5
38.h7 Rg8h8
39.g5 c4
40.g6 { resign }
1-0

[Event "Tourn. n8766"]
[Site "www.chess-mail.com"]
[Date "2016.06.18"]
[Round "1"]
[White "Esperanza"]
[Black "Gatrooper"]
[WhiteElo "999"]
[BlackElo "1500"]
[Result "1-0"]
[Round "1"]
1.e4 e5
2.Ng1f3 Nb8c6
3.Bf1c4 d6
4.O-O Bc8e6
5.Bc4b5 Be6g4
6.h3 Bg4xf3
7.Qd1xf3 Ng8f6
8.c3 a6
9.Bb5e2 Qd8e7
10.d3 h6
11.Bc1e3 O-O-O
12.b4 g5
13.a4 b6
14.b5 axb5
15.axb5 Nc6b8
16.Ra1a7 Kd7
17.Be3xb6 Ke8
18.Ra7xc7 Nb8d7
19.Nb1d2 Bf8g7
20.Rf1a1 O-O
21.Ra1a7 Rd8b8
22.Rc7b7 Rb8xb7
23.Ra7xb7 Rf8b8
24.Rb7xb8 Nd7xb8
25.c4 Kh7
26.Qf3f5 Kh8
27.Qf5c8 Kh7
28.Qc8xb8 Nf6d7
29.Qb8c7 Bg7f6
30.Be2g4 Nd7xb6
31.Qc7xb6 Qe7f8
32.c5 dxc5
33.Qb6xf6 Qf8b8
34.Qf6xf7 Kh8
35.Bg4f5 Qb8g8
36.Qf7xg8 Kxg8
37.b6 Kf7
38.b7 Ke7
39.b8Q Kf6
40.Qb8f8 { resign }
1-0

[Event "Tourn. n8722"]
[Site "www.chess-mail.com"]
[Date "2016.06.18"]
[Round "1"]
[White "Genius1"]
[Black "Azulmarino"]
[WhiteElo "1430"]
[BlackElo "1490"]
[Result "0-1"]
[Round "1"]
1.Ng1f3 d6
2.g3 Bc8g4
3.Bf1g2 Nb8c6
4.O-O Ng8f6
5.d4 d5
6.Nb1d2 h6
7.h3 Bg4e6
8.Nd2b3 Qd8d7
9.Nb3c5 Qd7c8
10.Nc5xe6 Qc8xe6
11.c3 g5
12.Rf1e1 g4
13.hxg4 Qe6xg4
14.Bc1f4 Bf8g7
15.Nf3e5 Nc6xe5
16.Bf4xe5 Nf6e4
17.Be5xg7 Qg4xg7
18.Bg2xe4 dxe4
19.e3 O-O
20.Qd1c2 Qg7g6
21.Kg2 f5
22.Qc2b3 e6
23.d5 f4
24.dxe6 f3
25.Kg1 Qg6f5
26.e7 Rf8f7
27.Qb3c4 Qf5h3
28.Qc4f1 Qh3xf1
 { time }
0-1

[Event "Tourn. n8815"]
[Site "www.chess-mail.com"]
[Date "2016.06.18"]
[Round "1"]
[White "Derfel83"]
[Black "Picifarkinca"]
[WhiteElo "2020"]
[BlackElo "1950"]
[Result "1/2-1/2"]
[Round "1"]
1.c4 Ng8f6
2.Nb1c3 e6
3.d4 Bf8b4
4.a3 Bb4xc3
5.bxc3 O-O
6.e3 Qd8e7
7.Bf1d3 e5
8.Ng1e2 e4
9.Bd3c2 d6
10.O-O Rf8e8
11.Ne2g3 c6
{ draw }
1/2-1/2

[Event "Tourn. n8704"]
[Site "www.chess-mail.com"]
[Date "2016.06.18"]
[Round "1"]
[White "Szustan"]
[Black "Obisporey"]
[WhiteElo "2610"]
[BlackElo "2600"]
[Result "1/2-1/2"]
[Round "1"]
1.e4 c5
2.c3 Ng8f6
3.e5 Nf6d5
4.d4 cxd4
5.cxd4 d6
6.Bf1c4 Nd5b6
7.Bc4b5 Nb8c6
8.exd6 Qd8xd6
9.Nb1c3 a6
10.Bb5xc6 Qd6xc6
11.Ng1f3 Nb6d5
12.O-O Nd5xc3
13.bxc3 Qc6xc3
14.Bc1d2 Qc3c6
15.Ra1c1 Qc6d5
16.Bd2b4 Bc8g4
17.Rc1c5 Qd5d7
18.Qd1c2 Bg4xf3
19.gxf3 e6
20.Rc5c7 Qd7d8
21.Rc7xb7 Bf8xb4
22.Qc2a4 Kf8
23.Qa4xb4 Kg8
24.d5 h5
25.Qb4f4 Qd8f6
26.Qf4xf6 gxf6
27.dxe6 fxe6
28.Rf1b1 Rh8h7
29.Rb7xh7 Kxh7
30.Rb1b6 a5
31.Rb6xe6 Kg6
32.Kg2 Ra8d8
{ draw }
1/2-1/2

[Event "Tourn. n8831"]
[Site "www.chess-mail.com"]
[Date "2016.06.18"]
[Round "1"]
[White "Gatrooper"]
[Black "Kampungboy"]
[WhiteElo "1630"]
[BlackElo "1849"]
[Result "0-1"]
[Round "1"]
1.e4 c5
2.c4 g6
3.h3 Nb8c6
4.Ng1f3 Bf8g7
5.Nb1c3 a6
6.Nc3d5 e6
7.Nd5f4 Ng8e7
8.Nf3g5 h6
9.Ng5f3 d5
10.cxd5 exd5
11.exd5 Ne7xd5
12.Nf4xd5 Qd8xd5
13.Qd1e2 Bc8e6
14.g3 O-O
15.Bf1g2 Nc6d4
16.Nf3xd4 Qd5xg2
17.Rh1f1 cxd4
18.b3 Be6xh3
19.Kd1 Rf8e8
20.Qe2c4 Ra8c8
21.Qc4d3 Bh3f5
22.Qd3e2 Qg2xf1
23.Qe2xf1 Bf5c2
{ resign }
0-1

[Event "Tourn. n8710"]
[Site "www.chess-mail.com"]
[Date "2016.06.18"]
[Round "1"]
[White "Gandalf"]
[Black "Nugun"]
[WhiteElo "1610"]
[BlackElo "1810"]
[Result "1-0"]
[Round "1"]
1.d4 Ng8f6
2.Nb1c3 e6
3.Bc1g5 Bf8e7
4.e3 d5
5.Ng1f3 Nb8c6
6.Bf1b5 O-O
7.O-O Qd8d6
8.Bg5xf6 Be7xf6
9.a3 e5
10.Bb5xc6 Qd6xc6
11.dxe5 Bf6e7
12.Qd1xd5 Qc6g6
13.Qd5e4 Bc8f5
14.Qe4xb7 Bf5h3
15.Nf3d4 Ra8c8
16.Qb7e4 c5
17.Qe4xg6 fxg6
18.Nd4b5 Bh3d7
19.Rf1d1 Bd7c6
20.Nb5d6 Rc8b8
21.b3 a5
22.f3 g5
23.e4  { time }
1-0

[Event "Tourn. n8780"]
[Site "www.chess-mail.com"]
[Date "2016.06.18"]
[Round "1"]
[White "Claudia"]
[Black "Picifarkinca"]
[WhiteElo "1870"]
[BlackElo "1800"]
[Result "1/2-1/2"]
[Round "1"]
1.d4 Ng8f6
2.c4 e6
3.Nb1c3 Bf8b4
4.e3 O-O
5.Ng1e2 d5
6.a3 Bb4e7
7.cxd5 exd5
8.Ne2f4 c6
9.Bf1d3 Nb8d7
10.O-O Be7d6
11.Nf4h5 Nf6xh5
12.Qd1xh5 Nd7f6
13.Qh5e2 Rf8e8
14.f3 Qd8c7
15.g3 Bc8h3
16.Rf1e1 Bd6xg3
17.hxg3 Qc7xg3
18.Kh1 Bh3g2
{ draw }
1/2-1/2

[Event "Tourn. n8785"]
[Site "www.chess-mail.com"]
[Date "2016.06.18"]
[Round "1"]
[White "Julian"]
[Black "Panham"]
[WhiteElo "2050"]
[BlackElo "2200"]
[Result "1-0"]
[Round "1"]
1.e4 c6
2.d4 d5
3.e5 Bc8f5
4.g4 Bf5g6
5.Bf1g2 e6
6.Ng1e2 c5
7.c3 Nb8c6
8.O-O cxd4
9.cxd4 Qd8b6
10.Nb1c3 Bf8b4
11.a3 Bb4xc3
12.bxc3 Ng8e7
13.f4 O-O
14.Bc1e3 Ra8c8
15.f5 exf5
16.Ne2g3 Nc6xe5
17.gxf5 Ne5c4
18.Be3g5 f6
19.Bg5f4 Ne7xf5
20.Bg2xd5 Kh8
21.Ng3xf5 Bg6xf5
22.Bd5xc4 Rc8xc4
23.Bf4d2 Qb6e6
24.Qd1f3 Bf5g4
25.Qf3xb7 Rf8c8
26.Ra1e1 Qe6d6
27.Re1e4 Qd6xa3
28.Re4xg4 { resign }
1-0

[Event "Tourn. n8721"]
[Site "www.chess-mail.com"]
[Date "2016.06.18"]
[Round "1"]
[White "Genius1"]
[Black "Azulmarino"]
[WhiteElo "1430"]
[BlackElo "1440"]
[Result "0-1"]
[Round "1"]
1.d4 d5
2.Ng1f3 Bc8f5
3.g3 Nb8c6
4.c3 Bf5e4
5.Bf1g2 h6
6.O-O Qd8d7
7.Nb1d2 Ng8f6
8.Nd2xe4 dxe4
9.Nf3e5 Nc6xe5
10.dxe5 Nf6g4
11.Qd1xd7 Kxd7
12.Bg2xe4 c6
13.Be4f5 e6
14.Bf5xg4 Bf8c5
15.Rf1d1 Ke7
16.b4 Rh8d8
17.Rd1xd8 Ra8xd8
18.bxc5 f5
19.Bg4f3 g6
20.Bc1e3 g5
21.Kf1 g4
22.Bf3g2 h5
23.Ke1 b5
24.Be3g5 Ke8
25.Bg5xd8 Kxd8
26.Ra1d1 Kc7
27.Rd1d6 a5
28.Rd6xc6 Kd7
29.Rc6d6 Kc7
30.Rd6xe6 Kd7
 { time }
0-1

[Event "Tourn. n8829"]
[Site "www.chess-mail.com"]
[Date "2016.06.18"]
[Round "1"]
[White "Pwain"]
[Black "Odin"]
[WhiteElo "1959"]
[BlackElo "1920"]
[Result "1-0"]
[Round "1"]
1.e4 e5
2.Ng1f3 d6
3.d4 Ng8f6
4.dxe5 Nf6xe4
5.Bf1c4 Bc8g4
6.Qd1d5 Bg4xf3
7.Qd5xf7 
1-0

[Event "Tourn. n8792"]
[Site "www.chess-mail.com"]
[Date "2016.06.18"]
[Round "1"]
[White "Osmundw"]
[Black "Nulladies"]
[WhiteElo "1380"]
[BlackElo "1499"]
[Result "0-1"]
[Round "1"]
1.e3 e5
2.f4 exf4
3.g3 fxe3
4.dxe3 Ng8f6
5.Bf1g2 c6
6.b3 Bf8c5
7.Ng1e2 Nf6g4
8.Ne2c3 Bc5xe3
9.Qd1xg4 Be3xc1
10.Nc3e2 Bc1b2
11.c3 O-O
12.a3 Bb2xa1
13.Ne2d4 d5
14.Nd4c2 Bc8xg4
15.Nc2xa1 Rf8e8
16.Kd2 Re8e2
17.Kd3 Qd8g5
18.Bg2f1 Qg5e3

0-1

[Event "Tourn. n8755"]
[Site "www.chess-mail.com"]
[Date "2016.06.18"]
[Round "1"]
[White "Osopanda"]
[Black "Bojan"]
[WhiteElo "1950"]
[BlackElo "1820"]
[Result "1/2-1/2"]
[Round "1"]
1.d4 g6
2.e4 Bf8g7
3.c4 d6
4.f4 e6
5.Ng1f3 c6
6.Bf1d3 Qd8e7
7.Nb1c3 c5
8.d5 e5
9.O-O f6
10.fxe5 fxe5
11.Bc1g5 Qe7c7
12.Nc3b5 Qc7b6
13.Qd1a4 Bc8d7
14.Qa4c2 h6
15.Bg5e3 a6
16.Nb5c3 Qb6d8
17.Qc2d2 Ng8f6
18.a3 Nf6g4
19.Ra1b1 Ng4xe3
20.Qd2xe3 g5
21.b4 b6
22.bxc5 bxc5
23.Bd3e2 Bd7g4
24.h3 Bg4h5
25.Rb1b7 O-O
26.g4 Bh5g6
27.Nc3a4 Nb8d7
28.Nf3d2 Qd8c8
29.Rf1xf8 Kxf8
30.Rb7b1 Ra8b8
31.Rb1xb8 Qc8xb8
32.Kg2 Ke7
33.Qe3g3 Nd7f6
34.h4 Nf6xe4
35.Nd2xe4 Bg6xe4
36.Kh3 Be4c2
37.Na4c3 Qb8b3
38.Nc3e4 Qb3b1
39.Ne4f2 Qb1a2
40.hxg5 hxg5
41.Qg3e3 Kf6
42.Kg3 Qa2a1
43.Nf2e4 Bc2xe4
44.Qe3xe4 Qa1xa3
45.Be2d3 Kf7
46.Qe4g6 Kg8
47.Kf2 Qa3b2
48.Kf1 Qb2d2
49.Qg6e8 Bg7f8
50.Qe8g6 Bf8g7
51.Qg6e8 { draw }
1/2-1/2

[Event "Tourn. n8763"]
[Site "www.chess-mail.com"]
[Date "2016.06.18"]
[Round "1"]
[White "Claudia"]
[Black "Picifarkinca"]
[WhiteElo "1830"]
[BlackElo "1780"]
[Result "1/2-1/2"]
[Round "1"]
1.d4 Ng8f6
2.c4 e6
3.Nb1c3 Bf8b4
4.e3 O-O
5.Ng1e2 d5
6.a3 Bb4e7
7.cxd5 exd5
8.Ne2f4 c6
9.Bf1d3 Nb8d7
10.O-O Be7d6
11.f3 Qd8c7
12.g3 Bd6xf4
13.exf4 Nd7b6
14.Rf1e1 Bc8d7
15.f5 Ra8e8
16.Bc1g5 Re8xe1
17.Qd1xe1 Rf8e8
18.Qe1d2 Qc7d6
19.Ra1e1 Re8xe1
20.Qd2xe1 h6
21.Bg5f4 Qd6f8
{ draw }
1/2-1/2

[Event "Match"]
[Site "www.echecsemail.com"]
[Date "2016.06.18"]
[Round "1"]
[White "Snickers"]
[Black "Hundegana"]
[WhiteElo "1809"]
[BlackElo "1920"]
[Result "0-1"]
[Round "1"]
1.c4 c5
2.Nb1c3 Nb8c6
3.Ng1f3 e6
4.d4 cxd4
5.Nf3xd4 Nc6xd4
6.Qd1xd4 b6
7.e4 Qd8f6
8.Bc1e3 Qf6xd4
9.Be3xd4 f6
10.O-O-O Bf8c5
11.Bd4xc5 bxc5
12.Bf1e2 Ng8e7
13.Nc3b5 O-O
14.Nb5d6 Bc8a6
15.b3 Rf8d8
16.Rh1e1 Ne7c6
17.f4 Nc6b4
18.Kb2 Kf8
19.Be2f3 Ra8b8
20.Rd1d2 Nb4c6
21.Ka1 Ke7
22.Re1d1 Nc6d4
23.e5 fxe5
24.fxe5 Nd4xf3
25.gxf3 Rd8f8
26.Rd2d3 Rf8f4
27.Rd1g1 g6
28.Rg1g4 Rb8f8
29.Rg4xf4 Rf8xf4
30.Kb2 Rf4h4
31.Rd3d2 h5
32.Rd2e2 Rh4h3
33.Re2f2 g5
34.Kc2 Rh3h4
35.Nd6e4 g4
36.fxg4 Rh4xg4
37.Ne4xc5 Ba6c8
38.Nc5d3 d6
39.exd6 Kxd6
40.Kc3 a5
41.c5 Kd5
42.a3 e5
43.b4 axb4
44.axb4 Rg4c4
45.Kb3 Rc4h4
46.Nd3b2 e4
47.Rf2d2 Ke5
48.b5 Kf4
49.c6 Kf3
50.b6 e3
51.Rd2c2 e2
52.Rc2c1 Bc8e6
53.Kc3 Rh4g4
 { time }
0-1

[Event "Match"]
[Site "www.echecsemail.com"]
[Date "2016.06.18"]
[Round "1"]
[White "Picifarkinca"]
[Black "Odin"]
[WhiteElo "1800"]
[BlackElo "1920"]
[Result "1/2-1/2"]
[Round "1"]
1.Ng1f3 Ng8f6
2.b3 g6
3.Bc1b2 Bf8g7
4.g3 e6
5.Bf1g2 d5
6.O-O Nb8c6
7.d3 O-O
8.Nb1d2 b6
9.Ra1c1 Bc8a6
10.c4 Ba6b7
11.e3 Nc6b4
12.Qd1e2 dxc4
13.dxc4 Nb4d3
14.Rc1b1 Nf6g4
15.Bb2xg7 Kxg7
16.Nf3d4 Bb7xg2
17.Kxg2 Nd3e5
18.f4 Ng4xe3
19.Qe2xe3 Ne5g4
20.Qe3c3 Qd8f6
21.Nd2e4 { draw }
1/2-1/2

[Event "Match"]
[Site "www.echecsemail.com"]
[Date "2016.06.18"]
[Round "1"]
[White "Genius4"]
[Black "Tartan"]
[WhiteElo "1720"]
[BlackElo "2340"]
[Result "0-1"]
[Round "1"]
1.d4 Ng8f6
2.c4 e6
3.Ng1f3 d5
4.e3 c6
5.Nb1c3 Nb8d7
6.Bf1d3 dxc4
7.Bd3xc4 b5
8.Bc4d3 b4
9.Nc3e4 Bf8e7
10.O-O Bc8b7
11.b3 O-O
12.Ne4xf6 Nd7xf6
13.Bc1b2 { time. }
0-1

[Event "Match"]
[Site "www.echecsemail.com"]
[Date "2016.06.18"]
[Round "1"]
[White "Tomcapp"]
[Black "Osmundw"]
[WhiteElo "1570"]
[BlackElo "1370"]
[Result "1-0"]
[Round "1"]
1.e4 e6
2.Ng1f3 d5
3.exd5 exd5
4.d4 Bf8b4
5.Nb1c3 c5
6.dxc5 Bc8e6
7.Bf1e2 Bb4xc5
8.Bc1e3 a5
9.a3 b5
10.Nc3xb5 d4
11.Be3f4 Be6d7
12.Bf4g5 f6
13.Bg5h4 Bd7xb5
14.Be2xb5 Nb8d7
15.Nf3e5 Ra8b8
16.Ne5xd7 Rb8xb5
17.Qd1e2 Kxd7
18.Qe2xb5 Kc8
19.Qb5xc5 Kd7
20.Qc5xd4 Ke7
21.Qd4c5 Kf7
22.O-O Qd8d2
23.Qc5a7 Kg6
24.Ra1d1 Qd2xc2
25.Rd1d7 Kh5
26.Qa7d4 h6
27.f3 f5
28.Qd4xg7 Qc2a4
29.g3 f4
30.Rd7d5 { resign }
1-0

[Event "Match"]
[Site "www.echecsemail.com"]
[Date "2016.06.18"]
[Round "1"]
[White "Fangshuo"]
[Black "Jhzes"]
[WhiteElo "2090"]
[BlackElo "1890"]
[Result "1-0"]
[Round "1"]
1.e4 c5
2.Ng1f3 e6
3.Nb1c3 d6
4.d3 Ng8f6
5.Bc1g5 Nb8d7
6.Qd1d2 h6
7.Bg5f4 e5
8.Bf4g3 Bf8e7
9.Nf3h4 Nf6h5
10.Nh4f5 Be7g5
11.Nf5xd6 Kf8
12.Qd2e2 Nh5xg3
13.hxg3 Qd8f6
14.Nd6xc8 Ra8xc8
15.Nc3d5 Qf6a6
16.f4 Bg5d8
17.Qe2g4 Qa6c6
18.O-O-O Qc6a4
19.Kb1 Bd8f6
20.Nd5xf6 gxf6
21.fxe5 fxe5
22.Bf1e2 Qa4c6
23.Qg4f5 Kg8
24.Rd1f1 Rh8h7
25.Be2g4 Rc8c7
26.Bg4h5 f6
27.Bh5g6 Rh7g7
28.Rh1xh6 Nd7f8
29.Bg6h5 Rg7xg3
30.Rh6xf6 { resign }
1-0

[Event "Match"]
[Site "www.echecsemail.com"]
[Date "2016.06.18"]
[Round "1"]
[White "Azorau"]
[Black "Milkyway"]
[WhiteElo "1860"]
[BlackElo "1809"]
[Result "1-0"]
[Round "1"]
1.e4 e6
2.d4 d5
3.exd5 exd5
4.Qd1e2 Qd8e7
5.Bc1e3 Ng8f6
6.h3 c6
7.Nb1c3 Bc8f5
8.g4 Bf5g6
9.O-O-O Nb8d7
10.Rd1e1 O-O-O
11.f4 Bg6e4
12.Bf1g2 Be4xg2
13.Qe2xg2 Qe7d6
14.f5 Nd7b6
15.Be3g5 h6
16.Bg5xf6 Qd6xf6
17.Ng1f3 Bf8b4
18.Nf3e5 Bb4xc3
19.bxc3 Rh8f8
20.Ne5f3 Nb6c4
21.a4 Qf6d6
22.Qg2f1 Rf8e8
23.Nf3e5 Qd6a3
24.Kd1 Qa3xa4
25.Ne5xc4 dxc4
26.Kd2 Qa4b5
27.Re1b1 Qb5d5
28.Rh1h2 c5
29.Rb1b5 b6
30.Rh2f2 Qd5c6
31.Rb5b1 cxd4
32.Kc1 dxc3
33.Rf2f3 Re8e1
34.Qf1xe1 Qc6xf3
35.Rb1a1 Rd8d2
36.Qe1e8 Rd2d8
37.Qe8e1 Rd8d2
38.Ra1xa7 Qf3f4
39.Kb1 Kb8
40.Ra7xf7 Rd2d8
41.Rf7xg7 Qf4d6
42.Ka2 Qd6d2
43.Qe1e5 Ka8
44.Qe5e4 Qd2d5
45.Qe4xd5 Rd8xd5
46.f6 Rd5d2
47.f7 Rd2xc2
48.Kb1 Rc2f2
49.Rg7g8  { time }
1-0

[Event "Match"]
[Site "www.echecsemail.com"]
[Date "2016.06.18"]
[Round "1"]
[White "Paco"]
[Black "Genius4"]
[WhiteElo "1890"]
[BlackElo "1720"]
[Result "1-0"]
[Round "1"]
1.e4 d6
2.d4 g6
3.d5 Bf8g7
4.Ng1f3 Ng8f6
5.Bf1b5 Bc8d7
6.Qd1d3 a6
7.Bb5c4 O-O
8.Bc1g5 h6
9.Bg5xf6 Bg7xf6
10.Nb1c3 Bf6g7
11.O-O-O b5
12.Bc4b3 c5
{ time. }
1-0

[Event "Match"]
[Site "www.echecsemail.com"]
[Date "2016.06.18"]
[Round "1"]
[White "Jhzes"]
[Black "Glenno"]
[WhiteElo "2229"]
[BlackElo "2440"]
[Result "0-1"]
[Round "1"]
1.e4 e5
2.Ng1f3 Nb8c6
3.Bf1c4 Ng8f6
4.d4 exd4
5.Nf3xd4 d6
6.Nd4xc6 bxc6
7.e5 Qd8e7
8.O-O dxe5
9.Rf1e1 Bc8g4
10.f3 Qe7c5
11.Bc1e3 Qc5xc4
12.b3 Qc4d5
13.fxg4 Qd5xd1
14.Re1xd1 Nf6xg4
15.Be3g5 Bf8c5
{ resign }
0-1

[Event "Match"]
[Site "www.echecsemail.com"]
[Date "2016.06.18"]
[Round "1"]
[White "Whitekknight"]
[Black "Gilliere"]
[WhiteElo "1890"]
[BlackElo "2040"]
[Result "0-1"]
[Round "1"]
1.e4 e5
2.Ng1f3 d6
3.Bf1c4 h6
4.Nb1c3 Ng8f6
5.d4 exd4
6.Nf3xd4 Nb8d7
7.Bc1f4 Bf8e7
8.O-O O-O
9.Rf1e1 Nf6h7
10.Nd4f3 Be7g5
11.Nf3xg5 Nh7xg5
12.f3 Ng5e6
13.Bf4e3 a6
14.Nc3d5 b5
15.Bc4f1 Bc8b7
16.c4 Bb7xd5
17.exd5 Ne6c5
18.b3 Rf8e8
19.Be3xc5 Re8xe1
20.Qd1xe1 Nd7xc5
21.Qe1e3 bxc4
22.bxc4 Qd8f6
23.Ra1e1 Qf6d8
24.g3 Qd8d7
25.g4 Kf8
26.Bf1h3 Ra8b8
27.Qe3e2 Rb8e8
28.Qe2d2 Re8xe1
29.Qd2xe1 Qd7e7
30.Qe1c3 Nc5a4
31.Qc3b4 Na4b6
32.a4 Qe7e3
33.Kg2 Qe3e2
34.Kg3 Qe2xc4
35.Qb4xc4 Nb6xc4
36.Bh3f1 Nc4b6
37.Bf1xa6 Nb6xa4
38.Ba6b5 Na4c3
39.Bb5c4 Ke7
40.h4 g5
41.Bc4b3 Kf6
42.h5 Ke5
43.Bb3c4 Nc3xd5
44.Kf2 Kd4
{ resign }
0-1